000 01145nam a22002417a 4500
999 _c21512
_d21512
003 AR-CdUCM
008 190220b ||||| |||| 00| 0 spa d
020 _a9786071609304
040 _aMUNICIPALIDAD PROVINCIAL DEL CUSCO
_cBIBLIOTECA MUNICIPAL DEL CUSCO
082 _a801.95/CH39
_bCH39
100 _aChimal, Carlos
_945165
245 _aFuturama:
_bLiteratura y ciencia a través del tiempo /
_cCarlos Chimal
260 _aMéxico :
_bFondo de Cultura Económica (FCE),
_c2012.
300 _a218 páginas. :
_c17 x 11 cm.
440 _aColección Popular,
_n708.
_945166
500 _aOfrece un panorama de la ficción imbuida de las ideas científicas a lo largo de la historia y, en el mejor de los casos, se convierte en una guía de forasteros en su búsqueda de nuevos mundos literarios. Al hacerlo, surgirán los nombres de algunos autores que han descubierto vínculos ocultos que comunican la imaginación científica con la reflexión literaria.
650 _aLiteratura
_945167
650 _aCiencia
_92098
650 _aLiteratura
_945167
650 _aCrítica e Interpretación
_91144
942 _2ddc
_cLIBROS
945 _aRoel